Statistics for Valid Country #2

Click here to take the quiz!

General Stats

  • This quiz has been taken 1,257 times
    (462 since last reset)
  • The average score is 14 of 20

Answer Stats

Name a country ...Answer% Correct
that start with 'D' and not in EuropeDjibouti | Dominica | Dominican Republic
95%
that is a European country driving on the leftIreland | Malta | United Kingdom
95%
that is a landlocked countries neighboring RussiaAzerbaijan | Belarus | Kazakhstan | Mongolia
94%
that shares border with both Czech Republic and SlovakiaAustria | Poland
93%
that is in Asia and lies in Southern HemisphereEast Timor | Indonesia | Maldives
83%
that is an African country whose name ends in BIAGambia | Namibia | Zambia
83%
that is an African island nation in the Atlantic OceanCape Verde | São Tomé and Príncipe
81%
that is one of Low countriesBelgium | Luxembourg | Netherlands
76%
which is a North American island nation and has land bordersDominican Republic | Haiti
75%
on the Adriatic Sea but not a part of YugoslaviaAlbania | Italy
73%
that contains 'Q' in its name and is not in AsiaEquatorial Guinea | Mozambique
72%
that lies in the time zone UTC -07:00Canada | Mexico | United States
69%
with flag featuring a double-headed eagleAlbania | Montenegro | Serbia
65%
that starts with 'L' and bordering another country starting with 'L'Latvia | Lithuania
63%
with German as an official language and not in European UnionLiechtenstein | Switzerland
57%
that is a landlocked country sharing border with 8 countriesAustria | Serbia | Zambia
54%
whose capital city start with 'Y'Armenia | Cameroon | Ivory Coast | Nauru
50%
that is an ASEAN member in mainland but not a founderCambodia | Laos | Myanmar | Vietnam
43%
whose capital city ends in 'H'Cambodia | Saudi Arabia
25%
whose world heritage site was delistedGermany | Oman | United Kingdom
23%

Score Distribution

Percentile by Number Answered

Percent of People with Each Score

Your Score History

You have not taken this quiz since the last reset